00263nam a2200097Ia 4500008004100000041001200041100002000053245007900073260000600152650000700158221030s9999 xx 000 0 und d aEnglish aJ. R. T. Arnold 0aIntroduction to Mathematical Methods in Bioinformaticscby J. R. T. Arnold c0 aMb